| 000 | 01208cam a2200349 a 4500 | ||
|---|---|---|---|
| 001 | 17789127 | ||
| 003 | PILC | ||
| 005 | 20160204141244.0 | ||
| 008 | 130624s2015 ctua b 001 0 eng d | ||
| 010 | _a 2013943623 | ||
| 020 | _a1285088565 (hbk.) | ||
| 020 | _a9781285088563 (hbk.) | ||
| 035 | _a(OCoLC)ocn868352362 | ||
| 040 |
_aHLQ _cHLQ _dYDXCP _dDLC |
||
| 042 | _alccopycat | ||
| 050 | 0 | 0 |
_aBF 319 _b.D65 2015 |
| 100 | 1 |
_aDomjan, Michael, _d1947- |
|
| 245 | 1 | 0 |
_aPrinciples of learning and behavior / _cMichael Domjan ; with neuroscience contributions by James W. Grau. |
| 250 | _a7th edition. | ||
| 260 |
_aStamford, CT : _bCengage Learning, _c2015. |
||
| 300 |
_axiv, 433 pages : _billustrations ; _c27 cm. |
||
| 500 | _aIncludes bibliographical references and indexes. | ||
| 521 | _aPsychology | ||
| 650 | 0 | _aConditioned response. | |
| 650 | 0 | _aLearning, Psychology of. | |
| 650 | 0 | _aBehaviorism (Psychology). | |
| 700 | 1 | _aGrau, James W. | |
| 906 |
_a7 _bcbc _ccopycat _d2 _encip _f20 _gy-gencatlg |
||
| 942 |
_2lcc _cBK _kFOR |
||
| 999 |
_c277375 _d277375 |
||